LEADER 00939nam a2200241 i 4500 001 000000046626 003 CaOOAMICUS 005 20240829130534.0 008 120323s1963 it u000 u fre u 013 $a17796 040 $aSeMil$bita 100 1 $aColombo, Carlo .$0(OLS)http://semarc/name/3095 245 10$aLaïcs et cie chrétienne parfaite /$cpar C. Colombo ... [et al.]. 260 $aRoma :$bHerder,$c1963. 300 $a275 p. ;$c22 cm. 490 1 $aLaicat et sainteté ;$v1 650 4$aLaicato.$0(OLS)http://semarc/subject/6802 830 0$aLaïcat et sainteté ;$v1.$0(OLS)http://semarc/title/44200 850 $aSeMil 852 $aSeMil$W1$xVenegono$y1$m2C II 142$j12781$B12781$CSeMilBibl$Z2$F12781 $81 996 $6245$aLaïcs et cie chrétienne parfaite$9(OLS)http://semarc/title/69796 996 $6260$aRoma :$bHerder$9(OLS)http://semarc/publisher/29637 LEADER 01096nam a2200205 i 4500 001 000000232258 003 CaOOAMICUS 005 20140822000000.0 008 140822s1788 it u000 u ita u 013 $a211161 026 $aa.n- m.,& a.n- unil (3) 1788 (R) 040 $aSeMil$bita 245 10$aLibro 1. 2. 3. dei Re. 300 $a[4], 517, [2] p. 500 $aSegn. : pg2 A-2I8 2K4 (2K4 bianca). 650 4$aBibbia. Antico Testamento. Re. 1-2 - Commentari, studi, critica e interpretazioni.$0(OLS)http://semarc/subject/52693 773 0 $aLe Maistre de Sacy, Isaac <1613-1684>$tSacra Scrittura giusta la volgata in latino e italiano. Colle spiegazioni letterali e spirituali tratte da' santi padri e dagli autori ecclesiastici da d. Luigi Isacco le Maistre de Sacy, tradotte dal francese.$bEdizione ricorretta accresciuta ed illustrata.$dIn Genova : Nella Stamperia di Agostino Olzati, 1787-1792.$g4$w()30383 850 $aSeMil 852 $aSeMil$W1$xVenegono$y1$m2Y IV 27 FA$j182604$B182604$CSeMilBibl$Z2$F193626 $8I 996 $6245$aLibro 1. 2. 3. dei Re$9(OLS)http://semarc/title/331430